LEADER 01205nlm0 22003491i 450 001 990009794690403321 005 20131126110745.0 010 $a9783527635818$bonline 035 $a000979469 035 $aFED01000979469 035 $a(Aleph)000979469FED01 035 $a000979469 100 $a20131126d2011----km-y0itay0103----ba 101 0 $aeng 135 $adrnn-008mamaa 200 1 $aHandbook of biodegradable polymers$bRisorsa elettronica$esynthesis, characterization, and applications$fedited by Andreas Lendlein and Adam Sisson 210 $aWeinheim$cWiley-VCH$d2011 230 $aDocumento elettronico 300 $aSulla piattaforma Wiley il sottotitolo del volume: isolation, synthesis, characterization, and applications 336 $aTesto 337 $aFormato pdf 610 0 $aPolimeri 610 0 $aPolimerizzazione 676 $a620.192 702 1$aLendlein,$bAndreas 702 1$aSisson,$bAdam L. 801 0$aIT$bUNINA$gREICAT$2UNIMARC 856 4 $zFull text per gli utenti Federico II$uhttp://onlinelibrary.wiley.com/book/10.1002/9783527635818 901 $aEB 912 $a990009794690403321 996 $aHandbook of biodegradable polymers$9836642 997 $aUNINA LEADER 01208cam a2200313 a 4500 001 991003402089707536 008 170721s2000 gw a b 001 0 eng d 020 $a3540674578 (softcover) 035 $ab14328082-39ule_inst 040 $aBibl. Dip.le Aggr. Matematica e Fisica - Sez. Fisica$beng 082 04$a530.12$221 084 $aLC QC174.26.W28 084 $a53.3.11 100 1 $aGreiner, Walter$029887 240 10$aRelativistische Quantenmechanik.$lEnglish$91474327 245 10$aRelativistic quantum mechanics :$bwave equations /$cWalter Greiner ; with a foreword by D.A. Bromley 250 $a3rd ed. 260 $aBerlin ;$aNew York :$bSpringer,$cc2000 300 $axix, 424 p. :$bill. ;$c25 cm 504 $aIncludes bibliographical references and index 650 4$aKlein-Gordon equation 650 4$aDirac equation 650 4$aRelativistic quantum theory 907 $a.b14328082$b24-07-17$c24-07-17 912 $a991003402089707536 945 $aLE006 53.3.11 GRE$g1$i2006000176873$lle006$og$pE83.00$q-$rl$s- $t0$u2$v0$w2$x0$y.i15814531$z24-07-17 996 $aRelativistische Quantenmechanik$91474327 997 $aUNISALENTO 998 $ale006$b21-07-17$cm$da $e $feng$ggw $h0$i0